000 00651cam a22001933a 4500
001 45737
003 PGUSA
005 20140828084047.0
008 140524s2014||||xxu|||||s|||||000 | eng d
040 _aPGUSA
_beng
042 _adc
245 1 2 _aA Popular Handbook to the National Gallery, Volume I, Foreign Schools :
_bIncluding by Special Permission Notes Collected from the Works of John Ruskin
_h[electronic resource] /
_cVarious
260 _bProject Gutenberg,
_c2014
506 _aPublic domain in the USA.
516 _aElectronic text
830 0 _aProject Gutenberg
_v45737
856 4 0 _uhttp://www.gutenberg.org/ebooks/45737
942 _cEB
999 _c274987
_d274987